Comentarios al Cd̤igo Civil y compilaciones forales

Detalles Bibliográficos
Otros Autores: Albaladejo Garca̕, Manuel (Conductor), Vil ̀Costa, Blanca (Compilador)
Formato: Desconocido
Lenguaje:español
Publicado: Madrid : Revista de Derecho Privado : Editoriales de Derecho Reunidas, 1981
Materias:
Acceso en línea:Acceso restringido

MARC

LEADER 00000ny a22000003n 4500
005 20110607125117.0
008 080516s1981 sp s 000 0 spa c
020 |a 8471302160 
035 |a 749 
040 |a UMA.RE  |d vLex 
080 |a 347(460) 
090 |c 532  |d 532 
245 0 0 |a Comentarios al Cd̤igo Civil y compilaciones forales  |h [Recurso electrn̤ico]  |c dirigidos por Manuel Albaladejo 
256 |a Servicio en ln̕ea 
260 |a Madrid :  |b Revista de Derecho Privado :  |b Editoriales de Derecho Reunidas,  |c 1981 
505 0 |t Tomo XXVII, Vol. 1, Artc̕ulos 1 a 51 de la Compilacin̤ de Cataluą /  |r comentados por Blanca Vil ̀Costa... [et al.] 
506 1 |a Contenido solo disponible en los productos indicados  |d vLex Global  |d vLex Global (Academic Edition, excluding Law Schools)  |d vLex Global (U.S. Academic Edition, Law Schools)  |d vLex Global (U.S. Academic Edition, excluding Law Schools)  |d vLex Global (Academic Edition, Law Schools) 
650 0 7 |2 Tesauro vLex  |a Civil 
650 0 7 |2 Tesauro vLex  |a Cd̤igo civil 
650 0 7 |2 Tesauro vLex  |a Derecho foral de Cataluą 
700 1 |a Albaladejo Garca̕, Manuel,  |e dir 
700 1 |a Vil ̀Costa, Blanca,  |e com 
740 0 |a vLex Libros (Servicios en ln̕ea) 
856 4 0 |z Acceso restringido  |u http://vlex.com/source/749 
942 |c BOOK